Statistiques concernant Personnages célèbres - Série 35

Cliquez ici pour prendre le quiz!

Statistiques générales

  • Ce quiz a été pris 150 fois
  • Le résultat moyen est 6 sur 15

Statistiques - réponses

Réponse% Correct
Richard Gere
75%
Hugh Grant
69%
Whoopi Goldberg
66%
Mel Gibson
57%
Stéphane Guillon
50%
Roland Giraud
45%
Indira Gandhi
44%
Jean Louis Debré
34%
Hippolyte Girardot
27%
Gene Hackman
24%
Isabelle Gélinas
21%
Melanie Griffith
21%
Marthe Keller
14%
Peter Graves
11%
Linda Gray
9%

Distribution des résultats

Percentile par nombre de réponses

% des personnes avec chaque résultat

Votre développement - résultats

Vous n’avez pas pris ce quiz